Sąsiedzi Rosji według zdjęcia - Statystyki

Ogólne statystyki
  • Ten quiz został rozwiązany 10 razy
  • Średni wynik to 6 z 14
Statystyki odpowiedzi
Obrazkowy Odpowiedź % Poprawnych
Polska
88%
Kazachstan
75%
Chiny
50%
Gruzja
50%
Litwa
50%
Ukraina
50%
Estonia
38%
Finlandia
38%
Korea Północna
38%
Łotwa
38%
Azerbejdżan
25%
Białoruś
25%
Mongolia
25%
Norwegia
25%
Nie znaleziono quizów pasujących do podanych kryteriów
Rozkład punktacji
Procent ludzi z każdym wynikiem
Percentyl według liczby udzielonych odpowiedzi
Twoja historia wyników
Nie rozwiązałeś tego quizu